[Event "POL-chT 1st League"]
[Site "Leba"]
[Date "2023.09.30"]
[Round "8.7"]
[White "Borgula, Rafal"]
[Black "Plichta, Kamil"]
[Result "0-1"]
[WhiteElo "2177"]
[BlackElo "2394"]
[PlyCount "62"]
[EventDate "2023.09.23"]
[EventType "team-swiss"]
[EventRounds "9"]
[EventCountry "POL"]
[SourceTitle "EXT 2024"]
[Source "ChessBase"]
[SourceDate "2023.10.10"]
[SourceVersion "1"]
[SourceVersionDate "2023.10.10"]
[SourceQuality "1"]
[WhiteTeam "Bydgoszcz Wiartrak"]
[BlackTeam "Gostynin Gostmat 83"]
[WhiteTeamCountry "POL"]
[BlackTeamCountry "POL"]

1. e4 e6 2. d4 d5 3. e5 c5 4. c3 Nc6 5. Nf3 Qb6 6. Bd3 cxd4 7. cxd4 Bd7 8. 0-0 Nxd4 9. Nxd4 Qxd4 10. Nc3 a6 11. Qe2 Ne7 12. Kh1 Nc6 13. f4 Nb4 14. Rd1 Bc5 15. Bxh7 Qf2 16. Qxf2 Bxf2 17. Bb1 0-0-0 18. h3 Kb8 19. Kh2 f6 20. exf6 gxf6 21. Bd2 Rdg8 22. Be1 Be3 23. Bd2 Bb6 24. Rf1 f5 25. a3 d4 26. Ne2 Nd5 27. Bd3 Bc6 28. Rf3 Nf6 29. Rg3 Rxg3 30. Nxg3 Rg8 31. Re1 Nh5 0-1

[Event "POL-chT 1st League"]
[Site "Leba"]
[Date "2023.09.25"]
[Round "3.10"]
[White "Borgula, Rafal"]
[Black "Kasperek, Ryszard"]
[Result "1-0"]
[WhiteElo "2177"]
[BlackElo "2041"]
[PlyCount "53"]
[EventDate "2023.09.23"]
[EventType "team-swiss"]
[EventRounds "9"]
[EventCountry "POL"]
[SourceTitle "EXT 2024"]
[Source "ChessBase"]
[SourceDate "2023.10.10"]
[SourceVersion "1"]
[SourceVersionDate "2023.10.10"]
[SourceQuality "1"]
[WhiteTeam "Bydgoszcz Wiartrak"]
[BlackTeam "Debica Gryf"]
[WhiteTeamCountry "POL"]
[BlackTeamCountry "POL"]

1. d4 Nf6 2. c4 e6 3. Nf3 b6 4. g3 Ba6 5. Qa4 Bb7 6. Bg2 c5 7. dxc5 Bxc5 8. 0-0 0-0 9. Nc3 Be7 10. Rd1 Na6 11. Bf4 Nc5 12. Qc2 Qc8 13. Rac1 Nce4 14. Nxe4 Bxe4 15. Qd2 Qb7 16. Bd6 Bxd6 17. Qxd6 Rac8 18. b3 Rc6 19. Qf4 Rfc8 20. Bf1 Rc5 21. Ne5 d5 22. Rd4 dxc4 23. Rcxc4 Rxc4 24. Nxc4 Bc6 25. Nd6 Qc7 26. Nxc8 e5 27. Qc1 1-0

[Event "POL-chT 1st League"]
[Site "Leba"]
[Date "2023.09.24"]
[Round "2.9"]
[White "Paprocki, Antoni"]
[Black "Borgula, Rafal"]
[Result "1/2-1/2"]
[WhiteElo "2161"]
[BlackElo "2177"]
[PlyCount "109"]
[EventDate "2023.09.23"]
[EventType "team-swiss"]
[EventRounds "9"]
[EventCountry "POL"]
[SourceTitle "EXT 2024"]
[Source "ChessBase"]
[SourceDate "2023.10.10"]
[SourceVersion "1"]
[SourceVersionDate "2023.10.10"]
[SourceQuality "1"]
[WhiteTeam "Konin UKS Smecz"]
[BlackTeam "Bydgoszcz Wiartrak"]
[WhiteTeamCountry "POL"]
[BlackTeamCountry "POL"]

1. e4 c6 2. Nc3 d5 3. Nf3 Bg4 4. h3 Bxf3 5. Qxf3 e6 6. Be2 Nf6 7. 0-0 Nxe4 8. Nxe4 dxe4 9. Qxe4 Nd7 10. d4 Nf6 11. Qd3 Be7 12. Bf4 0-0 13. Rad1 Qa5 14. Bf3 Rfd8 15. Qb3 Qb4 16. c3 Qxb3 17. axb3 Nd5 18. Bg3 Bd6 19. Bxd6 Rxd6 20. Rfe1 Rad8 21. Ra1 a6 22. g3 Kf8 23. h4 h6 24. Kg2 Ke7 25. Ra5 Nc7 26. b4 Nd5 27. Bd1 Kf6 28. f4 Rh8 29. h5 Rhd8 30. Kf3 Ke7 31. Bb3 Kd7 32. g4 Rh8 33. Rg1 Ke7 34. Raa1 Nf6 35. Rae1 Kd7 36. Re5 Kd8 37. Rh1 Nd7 38. Ra5 Nf6 39. Bc4 Ke7 40. Re5 Kd8 41. Kg3 Nd7 42. Ree1 Nf6 43. Be2 Nd5 44. Bf3 Ne7 45. Bd1 Kd7 46. Bc2 Nd5 47. Kf3 Nf6 48. Bd1 Ke7 49. Ref1 Rdd8 50. Ke3 Kd6 51. Rfg1 Nd5+ 52. Kf3 a5 53. bxa5 Ra8 54. g5 Rxa5 55. gxh6 1/2-1/2

[Event "POL-chT 2nd League"]
[Site "Jastrzebia Gora"]
[Date "2022.09.08"]
[Round "6.31"]
[White "Chmiel, Marcin"]
[Black "Borgula, Rafal"]
[Result "1-0"]
[WhiteElo "2188"]
[BlackElo "2201"]
[PlyCount "113"]
[EventDate "2022.09.03"]
[EventType "team-swiss"]
[EventRounds "9"]
[EventCountry "POL"]
[SourceTitle "CBM 210 Extra"]
[Source "ChessBase"]
[SourceDate "2022.11.30"]
[SourceVersion "1"]
[SourceVersionDate "2022.11.30"]
[SourceQuality "1"]
[WhiteTeam "Krakow KKSz"]
[BlackTeam "Bydgoszcz Wiartrak"]
[WhiteTeamCountry "POL"]
[BlackTeamCountry "POL"]

1. d4 Nf6 2. c4 e6 3. Nf3 d5 4. Nc3 Be7 5. Bf4 0-0 6. e3 c5 7. dxc5 Bxc5 8. a3 Nc6 9. Qc2 Be7 10. Rd1 a6 11. Be2 Qb6 12. 0-0 dxc4 13. Bxc4 Qa5 14. Ng5 h6 15. Nge4 Nxe4 16. Nxe4 e5 17. Bg3 Bg4 18. f3 Bf5 19. Nf6+ Bxf6 20. Qxf5 e4 21. Qxe4 Rae8 22. Qc2 Rxe3 23. Rd5 b5 24. Bf2 Re5 25. Rfd1 Rxd5 26. Bxd5 Ne5 27. f4 Nc4 28. b3 Nxa3 29. Qf5 Qc3 30. h4 Qc8 31. Qh5 Qc2 32. Re1 Qc8 33. b4 Nc2 34. Rc1 Bb2 35. Rd1 Nxb4 36. Be4 Qc4 37. Qf3 Re8 38. Re1 Rd8 39. Bb1 Bd4 40. Bxd4 Qxd4+ 41. Kh2 a5 42. h5 a4 43. Re4 Qb2 44. Qd1 Rf8 45. f5 a3 46. f6 a2 47. fxg7 Kxg7 48. Rg4+ Kh8 49. Qd6 Qg7 50. Rxg7 Kxg7 51. Bxa2 Nxa2 52. Qa3 b4 53. Qxa2 Rb8 54. Qb2+ Kg8 55. Qb3 Rb5 56. g4 Kg7 57. Kg3 1-0

[Event "POL-chT 2nd League"]
[Site "Sypniewo"]
[Date "2021.09.11"]
[Round "8.15"]
[White "Borgula, Rafal"]
[Black "Dziewonski, Dariusz"]
[Result "1/2-1/2"]
[WhiteElo "2223"]
[BlackElo "2015"]
[PlyCount "35"]
[EventDate "2021.09.04"]
[EventType "team-swiss"]
[EventRounds "9"]
[EventCountry "POL"]
[SourceTitle "CBM 204 Extra"]
[Source "ChessBase"]
[SourceDate "2021.11.30"]
[SourceVersion "1"]
[SourceVersionDate "2021.11.30"]
[SourceQuality "1"]
[WhiteTeam "Bydgoszcz Wiartrak"]
[BlackTeam "Myslenice MAT"]
[WhiteTeamCountry "POL"]
[BlackTeamCountry "POL"]

1. d4 d5 2. c4 e6 3. Nc3 Nf6 4. Bg5 Be7 5. e3 0-0 6. cxd5 Nxd5 7. Bxe7 Qxe7 8. Nxd5 exd5 9. Bd3 Qb4+ 10. Qd2 Qxd2+ 11. Kxd2 Bg4 12. Rc1 c6 13. Ne2 Bxe2 14. Kxe2 Nd7 15. Rc3 f5 16. g3 Nb6 17. h4 h5 18. Rb1 1/2-1/2

[Event "POL-chT 2nd League"]
[Site "Jastrzebia Gora"]
[Date "2018.09.08"]
[Round "8.10"]
[White "Zaskalski, Arkadiusz"]
[Black "Borgula, Rafal"]
[Result "1/2-1/2"]
[WhiteElo "2186"]
[BlackElo "2243"]
[PlyCount "62"]
[EventDate "2018.09.01"]
[EventType "team-swiss"]
[EventRounds "9"]
[EventCountry "POL"]
[SourceTitle "CBM 186 Extra"]
[Source "ChessBase"]
[SourceDate "2018.08.24"]
[SourceVersion "1"]
[SourceVersionDate "2018.08.24"]
[SourceQuality "1"]
[WhiteTeam "Pilzno GKSz Hetman"]
[BlackTeam "Znin Baszta"]
[WhiteTeamCountry "POL"]
[BlackTeamCountry "POL"]

1. Nf3 Nf6 2. c4 c6 3. g3 d5 4. Bg2 Bf5 5. b3 e6 6. Bb2 h6 7. d3 Be7 8. Nbd2 0-0 9. 0-0 Nbd7 10. Rc1 Bh7 11. Rc2 a5 12. a3 Re8 13. Qa1 Bf8 14. Ne5 Nxe5 15. Bxe5 Nd7 16. Bc3 Nc5 17. Rcc1 Nd7 18. Qb2 Qe7 19. b4 axb4 20. axb4 Nb6 21. c5 Na4 22. Qb3 Nxc3 23. Qxc3 Qc7 24. Ra1 Be7 25. Rxa8 Rxa8 26. Ra1 Rxa1+ 27. Qxa1 Qb8 28. d4 Bf6 29. f4 b6 30. Qc3 bxc5 31. bxc5 Qb5 1/2-1/2

[Event "POL-chT 2nd League"]
[Site "Jastrzebia Gora"]
[Date "2018.09.06"]
[Round "7.8"]
[White "Borgula, Rafal"]
[Black "Bednarek, Sylwester"]
[Result "1/2-1/2"]
[WhiteElo "2243"]
[BlackElo "2336"]
[PlyCount "158"]
[EventDate "2018.09.01"]
[EventType "team-swiss"]
[EventRounds "9"]
[EventCountry "POL"]
[SourceTitle "CBM 186 Extra"]
[Source "ChessBase"]
[SourceDate "2018.08.24"]
[SourceVersion "1"]
[SourceVersionDate "2018.08.24"]
[SourceQuality "1"]
[WhiteTeam "Znin Baszta"]
[BlackTeam "Ostroda Ostrodzianka"]
[WhiteTeamCountry "POL"]
[BlackTeamCountry "POL"]

1. d4 Nf6 2. Nf3 g6 3. g3 Bg7 4. Bg2 0-0 5. 0-0 d6 6. c4 c6 7. Nc3 Qb6 8. b3 Qa6 9. Bb2 b5 10. cxb5 cxb5 11. a4 b4 12. Na2 Bb7 13. Nxb4 Qb6 14. Nd3 a5 15. Re1 Ne4 16. Nd2 Nxd2 17. Bxb7 Qxb7 18. Qxd2 Qxb3 19. Ra3 Qb6 20. d5 Bxb2 21. Qxb2 Qxb2 22. Nxb2 Nd7 23. Rb3 Nf6 24. e4 Rfc8 25. Re2 g5 26. h3 Kf8 27. Kg2 Nd7 28. Rb5 Rc3 29. Nd1 Rc4 30. Nb2 Rd4 31. f3 f6 32. Rc2 Nc5 33. Kf1 Kf7 34. g4 h5 35. Ke2 Rb4 36. Nc4 hxg4 37. hxg4 Nxa4 38. Rxb4 axb4 39. Nd2 Nc5 40. Rb2 b3 41. Rb1 Rb8 42. Nc4 Rb4 43. Nb2 e6 44. Ke3 exd5 45. exd5 Kg6 46. Ra1 f5 47. gxf5+ Kxf5 48. Ra8 Ke5 49. Rg8 Kxd5 50. Rxg5+ Kc6 51. Rg4 Rb8 52. Kd4 Rf8 53. f4 Re8 54. f5 Re2 55. Nc4 b2 56. Rg1 d5 57. Nxb2 Rd2+ 58. Kc3 Ne4+ 59. Kb3 Rf2 60. Nd3 Rf3 61. Kc2 Rxf5 62. Rg6+ Kb5 63. Rg8 Kc4 64. Rb8 Kd4 65. Rh8 Rf7 66. Rc8 Rh7 67. Nb4 Rh2+ 68. Kc1 Rh1+ 69. Kc2 Rh2+ 70. Kc1 Nd6 71. Nc2+ Ke5 72. Rg8 Nc4 73. Re8+ Kd6 74. Rd8+ Kc5 75. Rc8+ Kb6 76. Nb4 Ne3 77. Nc2 Kb7 78. Rc5 Rh1+ 79. Kd2 Nc4+ 1/2-1/2

[Event "POL-chT 1st League"]
[Site "Poronin"]
[Date "2016.09.03"]
[Round "1.5"]
[White "Miroslaw, Michal"]
[Black "Borgula, Rafal"]
[Result "1/2-1/2"]
[WhiteElo "2312"]
[BlackElo "2240"]
[PlyCount "120"]
[EventDate "2016.09.03"]
[EventType "team-tourn"]
[EventRounds "9"]
[EventCountry "POL"]
[SourceTitle "CBM 174 Extra"]
[Source "ChessBase"]
[SourceDate "2016.10.10"]
[SourceVersion "1"]
[SourceVersionDate "2016.10.10"]
[SourceQuality "1"]
[WhiteTeam "Lublin Drakon"]
[BlackTeam "Znin Baszta"]
[WhiteTeamCountry "POL"]
[BlackTeamCountry "POL"]

1. e4 c5 2. Nf3 Nc6 3. d4 cxd4 4. Nxd4 g6 5. c4 Bg7 6. Be3 Nf6 7. Nc3 Ng4 8. Qxg4 Bxd4 9. Bxd4 Nxd4 10. Qd1 e5 11. Bd3 0-0 12. 0-0 d6 13. Qd2 Be6 14. f4 exf4 15. Rxf4 Nc6 16. Rd1 Ne5 17. b3 Qb6+ 18. Kh1 Rad8 19. Be2 Rd7 20. Rdf1 Qd8 21. Qe3 a6 22. Rf6 Kg7 23. Qf2 Rc7 24. Qd4 Rd7 25. R6f2 Kg8 26. Na4 Qg5 27. Rf6 Rdd8 28. Qf2 Bf5 29. Rxf5 gxf5 30. exf5 Rfe8 31. Nc3 Kh8 32. Ne4 Qh6 33. Qd4 Qh4 34. g4 f6 35. Nxd6 Qh3 36. c5 Re7 37. g5 Rg8 38. Rg1 fxg5 39. Nf7+ Rxf7 40. Qxe5+ Rfg7 41. Rg3 Qh6 42. f6 Rf7 43. Bc4 Qxf6 44. Qxf6+ Rxf6 45. Bxg8 Kxg8 46. Rxg5+ Kf7 47. Kg2 Re6 48. Rd5 Re2+ 49. Kg3 Ke8 50. Rh5 Rxa2 51. Rxh7 Rc2 52. Rxb7 Rxc5 53. h4 a5 54. Kg4 a4 55. bxa4 Rc4+ 56. Kg5 Rxa4 57. h5 Kf8 58. Kg6 Rg4+ 59. Kh7 Rg1 60. h6 Rg2 1/2-1/2

[Event "POL-chT 2nd League"]
[Site "Jastrzebia Gora"]
[Date "2015.09.07"]
[Round "3.9"]
[White "Warszawski, Bartosz"]
[Black "Borgula, Rafal"]
[Result "1-0"]
[WhiteElo "2224"]
[BlackElo "2267"]
[PlyCount "79"]
[EventDate "2015.09.05"]
[EventType "team-swiss"]
[EventRounds "9"]
[EventCountry "POL"]
[SourceTitle "EXT 2017"]
[Source "ChessBase"]
[SourceDate "2016.10.25"]
[SourceVersion "1"]
[SourceVersionDate "2016.10.25"]
[SourceQuality "1"]
[WhiteTeam "Warszawa YMCA"]
[BlackTeam "Znin Baszta II"]
[WhiteTeamCountry "POL"]
[BlackTeamCountry "POL"]

1. e4 e5 2. Nf3 Nc6 3. Bb5 a6 4. Ba4 Nf6 5. 0-0 b5 6. Bb3 Be7 7. Re1 0-0 8. h3 d6 9. c3 Na5 10. Bc2 c5 11. d4 Qc7 12. Nbd2 cxd4 13. cxd4 Nc6 14. Nb3 Bd7 15. a3 Rfc8 16. Bd3 exd4 17. Nbxd4 Ne5 18. Bc2 Be6 19. Bf4 Nxf3+ 20. Qxf3 Qc5 21. Rad1 Qh5 22. Qg3 Ne8 23. Rd2 Bh4 24. Qe3 Bd7 25. Nf5 Bxf5 26. exf5 Bf6 27. Be4 Rab8 28. g4 Qh4 29. Bg2 g5 30. Bxd6 Nxd6 31. Rxd6 Bxb2 32. Qb3 Bc3 33. Red1 Rc4 34. Rd7 h5 35. Bf1 Rbc8 36. Rd8+ Rxd8 37. Rxd8+ Kg7 38. Bxc4 Qxh3 39. Be2 hxg4 40. Rd3 1-0

[Event "POL-chT 2nd League"]
[Site "Szczyrk"]
[Date "2014.09.11"]
[Round "6.44"]
[White "Machlowski, Slawomir"]
[Black "Borgula, Rafal"]
[Result "1/2-1/2"]
[WhiteElo "2118"]
[BlackElo "2271"]
[PlyCount "80"]
[EventDate "2014.09.06"]
[EventType "team-swiss"]
[EventRounds "9"]
[EventCountry "POL"]
[SourceTitle "EXT 2015"]
[Source "ChessBase"]
[SourceDate "2014.11.20"]
[SourceVersion "1"]
[SourceVersionDate "2014.11.20"]
[SourceQuality "1"]
[WhiteTeam "Radkow Giecek"]
[BlackTeam "Znin Baszta II"]
[WhiteTeamCountry "POL"]
[BlackTeamCountry "POL"]

1. g3 d5 2. Nf3 c6 3. c4 Nf6 4. Bg2 Bf5 5. 0-0 e6 6. cxd5 exd5 7. d3 Be7 8. Qc2 0-0 9. Nc3 Na6 10. e4 Bg4 11. h3 Be6 12. Nd4 Nb4 13. Qd1 dxe4 14. Nxe6 fxe6 15. dxe4 Qxd1 16. Nxd1 Rfd8 17. Be3 Rd7 18. Rc1 Nxa2 19. Ra1 Nb4 20. Rxa7 Rxa7 21. Bxa7 Rd2 22. Be3 Rc2 23. Bd4 Na2 24. Ne3 Rd2 25. Rd1 Rxd1+ 26. Nxd1 Nd7 27. f4 Kf7 28. Nc3 Nb4 29. e5 Nc2 30. Bf2 g6 31. Ne4 Nb4 32. h4 Nd5 33. Ng5+ Bxg5 34. hxg5 N7b6 35. b3 Nd7 36. Kf1 Ke7 37. Ke1 Ke8 38. Bh3 Ke7 39. Kd2 Nc7 40. Kd3 Nd5 1/2-1/2

[Event "POL-chT 2nd League"]
[Site "Szczyrk"]
[Date "2014.09.10"]
[Round "5.68"]
[White "Borgula, Rafal"]
[Black "Piskorz, Henryk"]
[Result "1-0"]
[WhiteElo "2271"]
[BlackElo "2040"]
[PlyCount "60"]
[EventDate "2014.09.06"]
[EventType "team-swiss"]
[EventRounds "9"]
[EventCountry "POL"]
[SourceTitle "EXT 2015"]
[Source "ChessBase"]
[SourceDate "2014.11.20"]
[SourceVersion "1"]
[SourceVersionDate "2014.11.20"]
[SourceQuality "1"]
[WhiteTeam "Znin Baszta II"]
[BlackTeam "Drogowiec"]
[WhiteTeamCountry "POL"]
[BlackTeamCountry "POL"]

1. d4 d5 2. Nf3 c6 3. c4 e6 4. Nc3 Ne7 5. e4 f5 6. exf5 exf5 7. Bd3 Nd7 8. cxd5 cxd5 9. 0-0 a6 10. Re1 Nf6 11. Qb3 h6 12. Ne5 g5 13. Qa4+ Bd7 14. Nxd7 Qxd7 15. Bxf5 Qxa4 16. Nxa4 Kf7 17. Be6+ Kg6 18. f4 Nf5 19. Bxf5+ Kxf5 20. Re5+ Kg6 21. fxg5 hxg5 22. Rxg5+ Kf7 23. Bf4 Bh6 24. Rf1 Raf8 25. Rf5 Bxf4 26. R5xf4 Rh6 27. Nc5 Ke7 28. Re1+ Ne4 29. Rxf8 Kxf8 30. Nxe4 dxe4 1-0

[Event "POL-chT2"]
[Site "Poronin"]
[Date "2013.09.11"]
[Round "5.32"]
[White "Lewicki, Miroslaw"]
[Black "Borgula, Rafal"]
[Result "0-1"]
[WhiteElo "2221"]
[BlackElo "2290"]
[PlyCount "58"]
[EventDate "2013.09.06"]
[EventType "team-swiss"]
[EventRounds "9"]
[EventCountry "POL"]
[SourceTitle "EXT 2015"]
[Source "ChessBase"]
[SourceDate "2014.11.20"]
[SourceVersion "1"]
[SourceVersionDate "2014.11.20"]
[SourceQuality "1"]
[WhiteTeam "Czarna LKSz GCKiP"]
[BlackTeam "Znin Baszta II"]
[WhiteTeamCountry "POL"]
[BlackTeamCountry "POL"]

1. e4 e6 2. Nf3 d5 3. Nc3 dxe4 4. Nxe4 Nd7 5. b3 Ngf6 6. Ng3 Be7 7. Bb2 0-0 8. d4 b6 9. Bd3 Bb7 10. 0-0 c5 11. c4 Qc7 12. Qe2 Rfe8 13. Rfe1 cxd4 14. Nxd4 Bb4 15. Red1 a6 16. Ne4 Be7 17. Ng5 Nc5 18. Bc2 h6 19. Ngf3 Nce4 20. Nd2 Nxd2 21. Rxd2 Rad8 22. Rad1 Bd6 23. h3 Bh2+ 24. Kh1 Bf4 25. Rd3 Be4 26. Rc3 e5 27. Nf5 Rxd1+ 28. Qxd1 Rd8 29. Qb1 Qd7 0-1

[Event "POL-chT2"]
[Site "Poronin"]
[Date "2013.09.10"]
[Round "4.25"]
[White "Krasiewicz, Robert"]
[Black "Borgula, Rafal"]
[Result "1/2-1/2"]
[WhiteElo "2057"]
[BlackElo "2290"]
[PlyCount "88"]
[EventDate "2013.09.06"]
[EventType "team-swiss"]
[EventRounds "9"]
[EventCountry "POL"]
[SourceTitle "EXT 2015"]
[Source "ChessBase"]
[SourceDate "2014.11.20"]
[SourceVersion "1"]
[SourceVersionDate "2014.11.20"]
[SourceQuality "1"]
[WhiteTeam "Zielonka Zieloni"]
[BlackTeam "Znin Baszta II"]
[WhiteTeamCountry "POL"]
[BlackTeamCountry "POL"]

1. d4 d5 2. Nf3 Nf6 3. c4 c6 4. e3 e6 5. Nc3 Nbd7 6. Qc2 Be7 7. b3 0-0 8. Bd3 b6 9. 0-0 Bb7 10. Bb2 c5 11. Qe2 cxd4 12. exd4 Rc8 13. Rac1 Bb4 14. Ne5 dxc4 15. bxc4 Qe7 16. a3 Bxa3 17. Bxa3 Qxa3 18. Nxd7 Nxd7 19. Nb5 Qe7 20. Nxa7 Rce8 21. c5 bxc5 22. dxc5 Nxc5 23. Bxh7+ Kxh7 24. Qh5+ Kg8 25. Qxc5 Qxc5 26. Rxc5 Ra8 27. Nc6 g6 28. Rfc1 Bxc6 29. Rxc6 Ra2 30. R6c2 Rfa8 31. f4 R2a4 32. g3 Kg7 33. Kg2 Kf6 34. Re1 Ra2 35. Ree2 Rxc2 36. Rxc2 g5 37. fxg5+ Kxg5 38. h4+ Kh5 39. Rc5+ Kg6 40. Rc3 Ra4 41. Kf3 Kf5 42. g4+ Rxg4 43. Rc5+ e5 44. Rxe5+ Kxe5 1/2-1/2

[Event "POL-chT2"]
[Site "Poronin"]
[Date "2013.09.09"]
[Round "3.26"]
[White "Paprocki, Jaroslaw"]
[Black "Borgula, Rafal"]
[Result "1/2-1/2"]
[WhiteElo "2209"]
[BlackElo "2290"]
[PlyCount "114"]
[EventDate "2013.09.06"]
[EventType "team-swiss"]
[EventRounds "9"]
[EventCountry "POL"]
[SourceTitle "EXT 2015"]
[Source "ChessBase"]
[SourceDate "2014.11.20"]
[SourceVersion "1"]
[SourceVersionDate "2014.11.20"]
[SourceQuality "1"]
[WhiteTeam "Bydgoszcz Chemik"]
[BlackTeam "Znin Baszta II"]
[WhiteTeamCountry "POL"]
[BlackTeamCountry "POL"]

1. e4 c5 2. Nf3 Nc6 3. Bb5 g6 4. 0-0 Bg7 5. Re1 e5 6. Bxc6 dxc6 7. d3 Ne7 8. Nbd2 0-0 9. Nc4 Qc7 10. a4 a5 11. Be3 b6 12. Qd2 Be6 13. b3 Rfd8 14. Bh6 f6 15. Bxg7 Kxg7 16. Qc3 Kg8 17. Nfd2 g5 18. Nf1 Ng6 19. Ng3 Nh4 20. Re3 Rab8 21. Ne2 Rd7 22. Nd2 Rg7 23. Ng3 Qd8 24. Ndf1 Qe8 25. Re2 Bg4 26. Ree1 Be6 27. Ne3 Qd7 28. Qd2 Rf7 29. Qe2 Rbf8 30. Nc4 Rb8 31. Qd1 Bg4 32. Qc1 h6 33. Ne3 Be6 34. Qd1 Rff8 35. Qh5 Kg7 36. h3 Bf7 37. Qe2 Be6 38. Ng4 Bf7 39. Kh2 Rh8 40. Ne3 h5 41. Ngf5+ Nxf5 42. Nxf5+ Kg6 43. Ne3 Be6 44. f3 h4 45. Red1 Rhd8 46. Nc4 Qd4 47. Ne3 Rd7 48. Qe1 Qd6 49. Kg1 Kf7 50. Qe2 Kg6 51. Kf2 Qd4 52. Kf1 Qc3 53. Qd2 Qxd2 54. Rxd2 Kf7 55. Ke2 Ke7 56. Rdd1 Ra7 57. Nc4 Rd7 1/2-1/2

[Event "POL-chT 2nd League"]
[Site "Lazy"]
[Date "2012.09.06"]
[Round "6"]
[White "Borgula, Rafal"]
[Black "Jagodzinski, Piotr"]
[Result "1-0"]
[WhiteElo "2306"]
[BlackElo "2167"]
[PlyCount "126"]
[EventDate "2012.09.01"]
[EventType "team-swiss"]
[EventRounds "9"]
[EventCountry "POL"]
[SourceTitle "EXT 2019"]
[Source "ChessBase"]
[SourceDate "2018.10.10"]
[SourceVersion "1"]
[SourceVersionDate "2018.10.10"]
[SourceQuality "1"]
[WhiteTeam "Znin Baszta II"]
[BlackTeam "Wroclaw AZS Politechnika"]
[WhiteTeamCountry "POL"]
[BlackTeamCountry "POL"]

1. Nf3 Nf6 2. d4 g6 3. g3 c5 4. Bg2 Bg7 5. 0-0 0-0 6. c4 Qc7 7. d5 d6 8. Nc3 Na6 9. Ne1 Bd7 10. a3 Rfb8 11. Qc2 Qc8 12. e4 Bh3 13. Nd3 Bxg2 14. Kxg2 Nc7 15. a4 a6 16. a5 b5 17. axb6 Rxb6 18. Re1 Nd7 19. Bg5 h6 20. Bf4 Qb8 21. Ra3 Ne5 22. Bxe5 Bxe5 23. Na4 Rb4 24. Nxe5 dxe5 25. b3 Qa7 26. Qd2 Kh7 27. Qe3 Nb5 28. cxb5 axb5 29. Rea1 c4 30. Qxa7 Rxa7 31. Nc5 Rxa3 32. Rxa3 c3 33. Ra2 Rd4 34. Rc2 b4 35. Kf3 f5 36. Ke3 fxe4 37. Nxe4 Rxd5 38. Nxc3 bxc3 39. Rxc3 Kg7 40. b4 Kf7 41. Rb3 Rb5 42. Kd3 Ke6 43. Kc4 Rb8 44. b5 Rc8+ 45. Kd3 Kd7 46. b6 Rd8 47. Ke4 Kc8 48. Rb2 Kb7 49. Kxe5 Rd6 50. f4 h5 51. f5 gxf5 52. Kxf5 Rd4 53. Re2 Kxb6 54. Rxe7 Rd2 55. h4 Rf2+ 56. Ke5 Re2+ 57. Kf6 Rf2+ 58. Kg7 Kc6 59. Re5 Rf3 60. Rg5 Kd6 61. Kg6 Ke6 62. Kh6 Kf6 63. Kxh5 Ke6 1-0

[Event "POL-chT1"]
[Site "Mrzezyno"]
[Date "2011.09.05"]
[Round "3"]
[White "Siwiec, Arkadiusz"]
[Black "Borgula, Rafal"]
[Result "1-0"]
[WhiteElo "2160"]
[BlackElo "2314"]
[PlyCount "111"]
[EventDate "2011.09.03"]
[EventType "team-tourn"]
[EventRounds "9"]
[EventCountry "POL"]
[SourceTitle "CBM 144 Extra"]
[Source "ChessBase"]
[SourceDate "2011.10.28"]
[SourceVersion "1"]
[SourceVersionDate "2011.10.28"]
[SourceQuality "1"]
[WhiteTeam "Gorzow Wielkopolski Stilon"]
[BlackTeam "Znin Baszta"]
[WhiteTeamCountry "POL"]
[BlackTeamCountry "POL"]

1. e4 c5 2. Nf3 Nc6 3. d4 cxd4 4. Nxd4 Nf6 5. Nc3 e5 6. Ndb5 d6 7. Bg5 a6 8. Na3 b5 9. Bxf6 gxf6 10. Nd5 f5 11. c3 Bg7 12. exf5 Bxf5 13. Nc2 0-0 14. Nce3 Be6 15. Bd3 f5 16. 0-0 Ra7 17. a4 bxa4 18. Qxa4 Nb8 19. Bc4 Kh8 20. f4 Bc8 21. Qa5 Qe8 22. Rae1 e4 23. Rd1 Qc6 24. Rf2 Rb7 25. Nb4 Qd7 26. Rfd2 Rf6 27. Qd5 Rf8 28. Nxa6 Rb6 29. Nxb8 Rxb8 30. Qa5 Qb7 31. Re2 Ra8 32. Qd5 Qxd5 33. Nxd5 Ra7 34. Nb6 Ba6 35. Bxa6 Rxa6 36. Rxd6 Ra1+ 37. Kf2 Kg8 38. Nd5 Ra7 39. Ne3 Ra5 40. Red2 Rb8 41. Rd8+ Rxd8 42. Rxd8+ Kf7 43. Rd5 Ra2 44. Nd1 Ke6 45. Rb5 Bf6 46. Ke2 h5 47. Kd2 h4 48. Ne3 Ra1 49. Rb6+ Kf7 50. Nxf5 Rg1 51. g3 h3 52. Nh6+ Kg7 53. Ng4 Be7 54. Rb7 Kf8 55. b4 Bd6 56. Rh7 1-0

[Event "POL-chT 1st League"]
[Site "Katowice"]
[Date "2010.09.10"]
[Round "7"]
[White "Wandzik, Wojciech"]
[Black "Borgula, Rafal"]
[Result "1/2-1/2"]
[WhiteElo "2199"]
[BlackElo "2314"]
[PlyCount "60"]
[EventDate "2010.09.04"]
[EventType "team-tourn"]
[EventRounds "9"]
[EventCountry "POL"]
[SourceTitle "EXT 2019"]
[Source "ChessBase"]
[SourceDate "2018.10.10"]
[SourceVersion "1"]
[SourceVersionDate "2018.10.10"]
[SourceQuality "1"]
[WhiteTeam "Gliwice Politechnika Slaska"]
[BlackTeam "Znin Baszta"]
[WhiteTeamCountry "POL"]
[BlackTeamCountry "POL"]

1. e4 c5 2. Nf3 Nc6 3. Bb5 g6 4. 0-0 Bg7 5. c3 e5 6. d3 Nge7 7. Be3 d6 8. h3 0-0 9. a4 b6 10. d4 h6 11. Qd2 Kh7 12. Rd1 a6 13. Bxc6 Nxc6 14. dxc5 dxc5 15. Qxd8 Rxd8 16. Rxd8 Nxd8 17. Nbd2 Be6 18. a5 bxa5 19. Bxc5 Nc6 20. b4 axb4 21. cxb4 Rb8 22. Rxa6 Nxb4 23. Rb6 Rxb6 24. Bxb6 Nc6 25. g4 Kg8 26. Kg2 Nb4 27. Kg3 Nd3 28. Be3 Bd7 29. Nb3 Bc6 30. Nfd2 Bf8 1/2-1/2